000 00361nam a2200145Ia 4500
008 191201s2010 xx 000 0 und d
082 _a624.171
_bNAI
100 _aNAUTIYAL, BD
245 0 _aIntroduction to Structural Analysis
250 _arep
260 _aN. Delhi
_bNew Age International
_c2010
300 _a874
650 _aB.Tech(CE)
942 _2ddc
_cBK
999 _c5400
_d5400